| 000 | 01968cam a22004214i 4500 | ||
|---|---|---|---|
| 003 | PE-LiUPU | ||
| 005 | 20250731183419.0 | ||
| 008 | 150625s r 000 0 d | ||
| 020 | _a8449422701 | ||
| 035 | _a(Sirsi) i9788449422706 | ||
| 040 |
_aPE-LiUPU _bspa _cPE-LiUPU _erda |
||
| 049 | _aPRUA | ||
| 082 | 0 | 4 |
_a796.07 _bG84 _221 |
| 245 | 0 | 0 |
_aManual de educación física y deportes : _btécnicas y actividades prácticas / _c[dirección, Carlos Gispert]. |
| 264 | 1 |
_aBarcelona : _bGrupo Editorial Océano, _c2004. |
|
| 300 |
_a607 páginas : _bfotos, gráficos diágramas ; _c26 centímetros |
||
| 300 | _aCD-ROM | ||
| 336 |
_atext _2rdacontent |
||
| 337 |
_aunmediated _2rdamedia |
||
| 338 |
_avolume _2rdacarrier |
||
| 505 | 0 | _aAprendizaje y enseñanza de la educación y el deporte. -Basess anatomo-fisiológicas de la actividad física. -Actividad física y salud. -Actividades fisicodeportivas. -Teorías y práctiva del entrenamiento deportivo. | |
| 526 | _aP158 | ||
| 526 | _aP146 | ||
| 526 | _aP17 | ||
| 526 | _aP12 | ||
| 526 | _aP06 | ||
| 541 | _g007-0000101304; | ||
| 541 | _g007-0000101304; | ||
| 650 | 0 | 4 | _aDeportes. |
| 700 | 1 |
_aGispert, Carlos, _edirector. |
|
| 942 |
_2ddc _cBOOK |
||
| 949 |
_a796.07 G84 _wDEWEY _c1 _i52596 _lCCODEBUL1 _mBUL _p41.00 _r0 _sY _tBOOK _u2015-6-25 _xTEOLOGIA _zUNKNOWN _0COMPRA _o.STAFF. Colección General |
||
| 949 |
_a796.07 G84 _wDEWEY _c2 _i55104 _lCCODEBUL1 _mBUL _p41.00 _r0 _sY _tBOOK _u2015-6-25 _xTEOLOGIA _zUNKNOWN _0COMPRA _o.STAFF. Colección General |
||
| 994 |
_aC0 _bPEPRU |
||
| 596 | _a1 | ||
| 999 |
_a796.07 G84 _wDEWEY _c43722 _i52596 _f2021-11-9 _g5 _lCCODEBUL1 _mBUL _p41.00 _r0 _sY _tBOOK _u2015-6-25 _xEDUCACION _zUNKNOWN _0COMPRA _o.STAFF. Colección General _d43722 |
||
| 999 |
_a796.07 G84 _wDEWEY _c2 _i55104 _f2021-11-9 _g5 _lCCODEBUL1 _mBUL _p41.00 _r0 _sY _tBOOK _u2015-6-25 _xEDUCACION _zUNKNOWN _0COMPRA _o.STAFF. Colección General |
||
| 980 |
_81 _gALBERTO SANCHEZ Responsable de Automatización |
||